Cargando...

Course in Hindi

Detalles Bibliográficos
Autor principal: Jayaraman, P
Formato: Printed Book
Publicado: New Delhi Vani Prakasan 2005.
Materias:
LEADER 00454cam a2200157ua 4500
020 |a 81-8143-340-8 
082 |a 491.438  |b JAY/C 
100 0 |a Jayaraman, P 
245 1 0 |a Course in Hindi  
260 |a New Delhi  |b Vani Prakasan  |c 2005. 
300 |a 189p. 
650 |a Linguistics 
650 0 |a Hindi linguistics 
942 |c BK 
999 |c 18989  |d 18989 
952 |0 0  |1 0  |4 0  |6 491_438000000000000_JAYC  |7 0  |9 19830  |a KUCL  |b KUCL  |d 2014-05-23  |l 0  |o 491.438 JAY/C  |p 19971  |r 2014-05-23  |y BK